Представление документа в формате RUSMARC

ПолеНазваниеЗначение
  Тип записи a
  Библиографический уровень m
001 Контрольный номер UONB/MAIN/316ceab9784d41289e9de1386f4da952
005 Дата корректировки 20240131010326.8
010 Индекс ISBN __
b Уточнения в пер.
100 Данные общей обработки __
a Данные общей обработки 20230529d1954 u y0rusy0189## ca
101 Язык документа 0_
a Язык текста rus
102 Страна публикации __
a Страна публикации RU
105 Кодированные данные (монография) __
a Кодированные данные (монография) a z 000yy
200 Заглавие и сведения об ответственности 1_
a Заглавие Пчеловодство
f Первые сведения об ответственности И.И. Кораблев, И.А. Бабич, С.А. Розов
203 Вид содержания и тип средства __
a Вид содержания Текст
b Характеристика содержания визуальный
c Тип средства непосредственный
210 Выходные данные 1_
a Место издания Киев
c Издательство Госсельхозиздат УССР
d Дата издания 1954
215 Физическое описание __
a Объем 576 с.
c Иллюстрации/тип воспроизводства ил.
d Формат 21 см
300 Общие примечания __
a Общие примечания Перед загл. авт.: И.И. Кораблев, И.А. Бабич, С.А. Розов
300 Общие примечания __
a Общие примечания На пер. авт. не указаны
606 Тематические рубрики 0_
a Основная рубрика Пчеловодство
y Географическая подрубрика Украинская ССР
610 Ключевые слова 0_
a Ключевые слова пчеловодство; пчеловодство - Украинская ССР
686 Индексы других классификаций __
a Классификационный индекс 46.9
2 Код системы rubbk
700 Автор _1
a Фамилия Кораблев
b Имя (инициалы) И.И.
g Полное личное имя Ипполит Иванович
701 Альтернативная интеллектуальная ответственность _1
a Фамилия Бабич
b Имя (инициалы) И.А.
701 Альтернативная интеллектуальная ответственность _1
a Фамилия Розов
b Имя (инициалы) С.А.
801 Источник записи _0
a Страна RU
b Организация Ульяновская ОНБ
c Дата составления 20230529
g Правила каталогизации RCR
801 Источник записи _1
a Страна RU
b Организация Ульяновская ОНБ
c Дата составления 20230529
g Правила каталогизации RCR
901 Тип документа __
t Тип документа m
909 Создатель записи __
a Создатель записи Батталова
b Дата создания записи 20230529